<?xml version="1.0" encoding="UTF-8"?>
<record
    xmlns:xsi="http://www.w3.org/2001/XMLSchema-instance"
    xsi:schemaLocation="http://www.loc.gov/MARC21/slim http://www.loc.gov/standards/marcxml/schema/MARC21slim.xsd"
    xmlns="http://www.loc.gov/MARC21/slim">

  <leader>02896nam a2200337 i 4500</leader>
  <controlfield tag="003">DO-SdBNP</controlfield>
  <controlfield tag="005">20250704093303.0</controlfield>
  <controlfield tag="007">ta</controlfield>
  <controlfield tag="008">250612s1940    ag            000 0 spa d</controlfield>
  <datafield tag="040" ind1=" " ind2=" ">
    <subfield code="a">DO-SdBNP</subfield>
    <subfield code="b">spa</subfield>
    <subfield code="c">BNPHU</subfield>
    <subfield code="e">rda</subfield>
  </datafield>
  <datafield tag="041" ind1=" " ind2=" ">
    <subfield code="h">spa</subfield>
  </datafield>
  <datafield tag="082" ind1=" " ind2=" ">
    <subfield code="a">823.8</subfield>
    <subfield code="b">W671r</subfield>
    <subfield code="2">22</subfield>
  </datafield>
  <datafield tag="100" ind1=" " ind2=" ">
    <subfield code="a">Wilde, Oscar,</subfield>
    <subfield code="d">1854-1900</subfield>
    <subfield code="9">13294</subfield>
    <subfield code="e">autor</subfield>
    <subfield code="4">aut.</subfield>
  </datafield>
  <datafield tag="245" ind1="1" ind2="3">
    <subfield code="a">El ruise&#xF1;or y la rosa :</subfield>
    <subfield code="b">(the nightingale and the rose, and other tales) /</subfield>
    <subfield code="c">Oscar Wilde ; traducci&#xF3;n directa del ingl&#xE9;s de Roberto E. D'Elio. Texto &#xED;ntegro, de acuerdo con el original.</subfield>
  </datafield>
  <datafield tag="250" ind1=" " ind2=" ">
    <subfield code="a">Primera edici&#xF3;n </subfield>
  </datafield>
  <datafield tag="264" ind1=" " ind2="4">
    <subfield code="a">Buenos Aires :</subfield>
    <subfield code="b">Editorial Sopena Argentina, </subfield>
    <subfield code="c">&#xA9;1940.</subfield>
  </datafield>
  <datafield tag="300" ind1=" " ind2=" ">
    <subfield code="a">155 p&#xE1;ginas ;</subfield>
    <subfield code="c">23 cm.</subfield>
  </datafield>
  <datafield tag="336" ind1=" " ind2=" ">
    <subfield code="a">texto</subfield>
    <subfield code="b">txt</subfield>
    <subfield code="2">rdacontent</subfield>
  </datafield>
  <datafield tag="337" ind1=" " ind2=" ">
    <subfield code="a">sin mediaci&#xF3;n</subfield>
    <subfield code="b">n</subfield>
    <subfield code="2">rdamedia</subfield>
  </datafield>
  <datafield tag="338" ind1=" " ind2=" ">
    <subfield code="a">volumen</subfield>
    <subfield code="b">nc</subfield>
    <subfield code="2">rdacarrier</subfield>
  </datafield>
  <datafield tag="490" ind1="0" ind2=" ">
    <subfield code="a">Biblioteca mundial Sopena</subfield>
  </datafield>
  <datafield tag="500" ind1=" " ind2=" ">
    <subfield code="a">Incluye datos biogr&#xE1;ficos del autor en la p&#xE1;gina 1.</subfield>
  </datafield>
  <datafield tag="505" ind1=" " ind2=" ">
    <subfield code="a"> El ruise&#xF1;or y la rosa.--El gigante ego&#xED;sta.--El famoso cohete.--La esfinge sin secreto.--El fantasma de Canterville.--El modelo millonario.--El joven rey.--El natalicio de la Infanta.--El pescador y su alma.--El hijo de la estrella.--El pr&#xED;ncipe feliz.--La esfinge (poema)</subfield>
  </datafield>
  <datafield tag="520" ind1=" " ind2=" ">
    <subfield code="a">El ruise&#xF1;or y la rosa es un cuento escrito por el poeta, escritor y dramaturgo brit&#xE1;nico-irland&#xE9;s Oscar Wilde. Fue publicado por primeral ruise&#xF1;o vez en El pr&#xED;ncipe feliz y otros cuentos junto a otros cuatro cuentos del autor en 1888. Fue el cuento m&#xE1;s destacado del primeral ya mencionado. La historia trata de un joven estudiante enamorado de una chica (Hija de su profesor). Necesitaba una rosa roja para impresionarla y que as&#xED; ella fuera al baile con &#xE9;l. S&#xF3;lo ten&#xED;a rosas blancas en su jard&#xED;n, entonces se puso a llorar. Un ruise&#xF1;or le vio y este, ilusionado con la idea de que el joven pueda encontrar el amor verdadero, toma la decisi&#xF3;n de ser torturado toda la noche cantando a la luz de la luna y sacrificar su vida para entregar su sangre a un rosal seco que estaba en la ventana del estudiante, para que naciera una rosa roja. El joven al despertarse al otro d&#xED;a y al mirar a su ventana, se emociona y toma la rosa, que m&#xE1;s tarde se la lleva a la chica, pero esta lo rechaza argumentando que ya otros le hab&#xED;an dado mejores regalos (Como el Hijo del Chambelan) y que esa rosa era com&#xFA;n y sin valor. Pues al parecer a la bella dama solo le importaban las apariencias y los bienes materiales.</subfield>
  </datafield>
  <datafield tag="590" ind1=" " ind2=" ">
    <subfield code="a">Inventariado, 2025/ YL</subfield>
  </datafield>
  <datafield tag="650" ind1=" " ind2="4">
    <subfield code="a">Literatura inglesa</subfield>
    <subfield code="9">11512</subfield>
  </datafield>
  <datafield tag="700" ind1="1" ind2="2">
    <subfield code="a">D&#xB4;Elio, Roberto E. </subfield>
    <subfield code="e"> traductor</subfield>
    <subfield code="4">tr.</subfield>
    <subfield code="9">62833</subfield>
  </datafield>
  <datafield tag="856" ind1=" " ind2=" ">
    <subfield code="y">https://repositori.lecturafacil.net/sites/default/files/El%20ruise%C3%B1or%20y%20la%20rosa.pdf</subfield>
    <subfield code="y">https://www.cervantesvirtual.com/obra-visor/el-ruisenor-y-la-rosa-y-otros-cuentos-poemas-en-prosa--0/html/ff0cedbe-82b1-11df-acc7-002185ce6064_2.html</subfield>
  </datafield>
  <datafield tag="910" ind1=" " ind2=" ">
    <subfield code="a">Ylockward</subfield>
  </datafield>
  <datafield tag="942" ind1=" " ind2=" ">
    <subfield code="2">ddc</subfield>
    <subfield code="c">LBS1</subfield>
  </datafield>
  <datafield tag="952" ind1=" " ind2=" ">
    <subfield code="0">0</subfield>
    <subfield code="1">0</subfield>
    <subfield code="2">ddc</subfield>
    <subfield code="5">1</subfield>
    <subfield code="7">0</subfield>
    <subfield code="8">GR-RV</subfield>
    <subfield code="a">BNPHU</subfield>
    <subfield code="b">BNPHU</subfield>
    <subfield code="c">HD</subfield>
    <subfield code="d">2018-04-11</subfield>
    <subfield code="e">Donado por Jessica</subfield>
    <subfield code="l">0</subfield>
    <subfield code="o">BNPHU GR-RV 823.8 W671r</subfield>
    <subfield code="p">2025-5104</subfield>
    <subfield code="r">2025-06-12</subfield>
    <subfield code="w">2025-06-12</subfield>
    <subfield code="y">LBS1</subfield>
  </datafield>
  <datafield tag="999" ind1=" " ind2=" ">
    <subfield code="c">59246</subfield>
    <subfield code="d">59246</subfield>
  </datafield>
</record>
